000 00643nam a22001817a 4500
005 20251108165013.0
008 250721s1982 xx 000 0 ara d
082 1 4 _a530.11/هشا
100 1 _aغصيب، هشام
245 1 0 _aالطريق إلى النسبية :
_bمن كوبر نيكوس إلى آينشتاين /
264 1 _aعمان :
_bالجمعية العلمية الملكية - قسم الثقافة العلمية،
_c1982.
300 _a340ص
490 0 _aسيرورة التوحيد في فيزياء المجال ؛ 1
650 1 7 _aالنسبية
650 1 7 _aالفيزياء
942 _2ddc
_cBK
999 _c19643
_d19643